000 00453nam a2200181Ia 4500
001 12816
005 20260306163008.0
008 260306t2009||||xx |||||||||||||| ||spa||
041 _aESP
082 _aRD 340.3
_bCH517 2009
100 _aChanamé Orbe, Raúl
_eAUT
245 0 _aDiccionario jurídico:
_btérminos y conceptos
260 _c2009
300 _a613 páginas :
_c24 cm.
650 _aGEN
654 _aCDE
942 _cDIC
_dJUS
_fJUS
_2ddc
_n
999 _c12816
_d12816